R. K. Bangia's the law of torts : (Record no. 3505)

000 -LEADER
fixed length control field 00809nam a2200253 a 4500
006 - FIXED-LENGTH DATA ELEMENTS--ADDITIONAL MATERIAL CHARACTERISTICS--GENERAL INFORMATION
fixed length control field a||||gr|||| 00| 0
007 - PHYSICAL DESCRIPTION FIXED FIELD--GENERAL INFORMATION
fixed length control field ta
008 - FIXED-LENGTH DATA ELEMENTS--GENERAL INFORMATION
fixed length control field 251128t2025 ii a|||gr|||| 0|0 ||eng|d
020 ## - INTERNATIONAL STANDARD BOOK NUMBER
International Standard Book Number 9789348002761
Terms of availability Rs. 795.00
040 ## - CATALOGING SOURCE
Original cataloging agency IMU Kochi Library
Language of cataloging eng
041 0# - LANGUAGE CODE
Language code of text/sound track or separate title eng
044 ## - COUNTRY OF PUBLISHING/PRODUCING ENTITY CODE
MARC country code India
082 04 - DEWEY DECIMAL CLASSIFICATION NUMBER
Edition number 23
Classification number 346.5403
Item number B2245
100 1# - MAIN ENTRY--PERSONAL NAME
Personal name Bangia, R. K.
245 10 - TITLE STATEMENT
Title R. K. Bangia's the law of torts :
Sub Title including motor vehicles act, 1988, consumer protection act, 2019 and the competition act, 2002 /
250 ## - EDITION STATEMENT
Edition statement 27th ed.
260 ## - PUBLICATION, DISTRIBUTION, ETC. (IMPRINT)
Place of publication, distribution, etc Haryana :
Name of publisher, distributor, etc Allahabad law agency,
Date of publication, distribution, etc 2025
300 ## - PHYSICAL DESCRIPTION
Extent lvi, 768 p. :
Other physical details ;
Dimensions 24 cm.
650 #0 - SUBJECT ADDED ENTRY--TOPICAL TERM
Topical term or geographic name as entry element consumer protection
Geographic subdivision India
General subdivision Textbooks
650 #0 - SUBJECT ADDED ENTRY--TOPICAL TERM
Topical term or geographic name as entry element competition act
Geographic subdivision India
General subdivision Textbooks
852 ## - LOCATION/CALL NUMBER
Location IMU Kochi Library
904 ## - LOCAL DATA ELEMENT D, LDD (RLIN)
CATALOGER Akhil Bose
942 ## - ADDED ENTRY ELEMENTS (KOHA)
Item type Books
Holdings
Withdrawn status Lost status Source of classification or shelving scheme Damaged status Not for loan Collection code Permanent location Current location Shelving location Date acquired Source of acquisition Cost, normal purchase price Full call number Barcode Date last seen Koha item type Total Checkouts Date last borrowed Total Renewals
          Law IMU Kochi Library IMU Kochi Library General Stacks 2025-11-28 MRajasthani Granthagar (Inv. no. RG/2526/371 dated 17.10.2025) 795.00 346.5403 B2245 BK007608 2025-12-02 Books      
          Law IMU Kochi Library IMU Kochi Library General Stacks 2025-11-28 MRajasthani Granthagar (Inv. no. RG/2526/371 dated 17.10.2025) 795.00 346.5403 B2245 BK007609 2025-12-02 Books      
          Law IMU Kochi Library IMU Kochi Library General Stacks 2025-11-28 MRajasthani Granthagar (Inv. no. RG/2526/371 dated 17.10.2025) 795.00 346.5403 B2245 BK007610 2025-12-02 Books      
          Law IMU Kochi Library IMU Kochi Library General Stacks 2025-11-28 MRajasthani Granthagar (Inv. no. RG/2526/371 dated 17.10.2025) 795.00 346.5403 B2245 BK007611 2025-12-02 Books      
          Law IMU Kochi Library IMU Kochi Library General Stacks 2025-11-28 MRajasthani Granthagar (Inv. no. RG/2526/371 dated 17.10.2025) 795.00 346.5403 B2245 BK007612 2026-02-24 Books 1 2026-02-06  
          Law IMU Kochi Library IMU Kochi Library General Stacks 2025-11-28 MRajasthani Granthagar (Inv. no. RG/2526/371 dated 17.10.2025) 795.00 346.5403 B2245 BK007613 2025-12-02 Books      
          Law IMU Kochi Library IMU Kochi Library General Stacks 2025-11-28 MRajasthani Granthagar (Inv. no. RG/2526/371 dated 17.10.2025) 795.00 346.5403 B2245 BK007614 2026-04-21 Books 2 2026-03-26 2
          Law IMU Kochi Library IMU Kochi Library General Stacks 2025-11-28 MRajasthani Granthagar (Inv. no. RG/2526/371 dated 17.10.2025) 795.00 346.5403 B2245 BK007615 2025-12-02 Books      


Copyright © All Rights Reserved by Indian Maritime University, Kochi Campus.
For any Suggestions/Query Contact to library or Email: library.kochi@imu.ac.in Ph:(0484)-2989402
(Web OPAC Designed by Rudra Ranjan. Maintained by IMU Kochi Library)

Powered by Koha